| 000 | 00611nam a2200229Ia 4500 | ||
|---|---|---|---|
| 999 |
_c91 _d91 |
||
| 003 | 0100 | ||
| 008 | 130227s9999 xx 000 0 und d | ||
| 040 | _cARRUPELIB | ||
| 050 | _aDT764.B2M6 | ||
| 100 |
_aMolema, S. M. _939573 |
||
| 245 | 4 |
_aThe Bantu past and present: _ban ethnographical & historical study of the native races of South Africa / |
|
| 250 | _aReprint edition | ||
| 260 |
_aCape Town _bC. Struik _c1963 |
||
| 300 | _axix | ||
| 300 | _b 397p 21cm | ||
| 440 |
_aAfricana collectanea n.5 _939574 |
||
| 650 |
_aBantus _925845 |
||
| 942 |
_2lcc _cMONOGRAPH |
||